Smart's handbook of effective writing (Record no. 22929)

MARC details
000 -LEADER
fixed length control field 00317nam a2200133Ia 4500
082 ## - DEWEY DECIMAL CLASSIFICATION NUMBER
Classification number 801
Item number SMA
100 ## - MAIN ENTRY--AUTHOR NAME
Personal name Lang, D R
245 #0 - TITLE STATEMENT
Title Smart's handbook of effective writing
250 ## - EDITION STATEMENT
Edition statement Ed.3
260 ## - PUBLICATION, DISTRIBUTION, ETC. (IMPRINT)
Place of publication Bombay
Name of publisher Jaico
Year of publication 1966
700 ## - ADDED ENTRY--PERSONAL NAME
Personal name Smart, W K
942 ## - ADDED ENTRY ELEMENTS (KOHA)
Koha item type Books
Holdings
Withdrawn status Lost status Damaged status Not for loan Home library Current library Date acquired Cost, normal purchase price Full call number Accession Number Koha item type
        RRII Library RRII Library 16/12/2021 3.00 801 SMA 03638 Books